000 01665cam a22004217a 4500
003 CHAP
005 20220329142807.0
008 031021s2003 mx r 00010 spa d
010 _a87825
011 _a88797
035 _a99342
040 _cCHAP
090 _aTesis
100 0 0 _aCaballero Villalpando, Nancy Yazmin.
_916589
245 1 0 _aAnálisis de pruebas de degustación del café Teenek, como propuesta para la implementación de un local de distribución, en la región de Texcoco, Estado de México
_c/por Nancy Yazmin Caballero Villalpando
260 _aChapingo, Méx. :
_bEl autor,
_c2003.
300 _a82 h. ;
_bgráfs.
502 _aTesis (Lic. en Administración de Empresas Agropecuarias) -- UACH. División de Ciencias Económico Administrativas
530 _aTambién disponible en línea
590 _aALEPH
_b10
_c20130110
_lUCH01
_h1455
590 _aBATCH-UPD
_b10
_c20130110
_lUCH01
_h0614
590 _aBATCH-UPD
_b10
_c20130410
_lUCH01
_h0256
590 _aBATCH-UPD
_b10
_c20130914
_lUCH01
_h0800
590 _aBATCH-UPD
_b10
_c20140324
_lUCH01
_h1441
590 _aBATCH-UPD
_b10
_c20141002
_lUCH01
_h0820
590 _aBATCH
_b00
_c20181121
_lUCH01
_h0759
590 _aCONVERSION
_b10
_c20130109
_lUCH01
_h1349
650 1 4 _aCafé
_xCalidad.
_917114
650 1 4 _aCafé
_xConsumo.
_917118
650 1 4 _aCafé
_xMercadeo.
_917169
856 _3Finding aid
_uhttp://10.13.5.2/tesis/99342.pdf
_zTeclea aqui
856 _a1
_n0001095
901 _aBK
905 _aMayto Villalobos S.
942 _cFOLL
949 _aTesis
_bBC
_cTES
_d33724000892758
_eTS2
_fc.2
_h41402
_i99342
_k|
_si
949 _aTesis
_bBC
_cTES
_d99342123
_eTS1
_h41401
_i99342
_sb
999 _c87825
_d87825